01397nam a2200277 a 4500001001000000005001700010041000800027044000800035084002000043100004500063245012800108260007100236300002200307500024600329500004800575500013400623500001100757546002400768650005200792650005600844650003400900650004500934700003900979700005101018740005001069BRCA_337620190320204242.0 aeng aenk a665b.G53c19011 aCervantes Saavedra, Miguel ded1547-161610aThe History of the Valorous and Witty Knight-Errant Don Quixote of the ManchacBy Cervantes ; Translated by Thomas Shelton. aLondres : FiladelfiabGibbins and Co. : J. B. Lippincott Co.c1901 a4 v.bil.c19 cm. aContenido : v.1. Primera parte. Retrato de Cervantes por Kent. Prefacio por J. Huntly MacCarthy. Prólogo del autor. Versos preliminares. -- v.2. Primera parte. Texto. -- v.3. Segunda parte. Prólogo del autor. -- v.4. Segunda parte. Texto aEdición : Illustrations by Frank Brangwyn aReproducción exacta de la traducción de Thomas Shelton, publicada por la misma casa editorial, en 1985. Tela Lúdovik Osterc aQM1050 aTexto en : inglés14aNovela españolayÉpoca clásica, 1500-170014aLiteratura españolayÉpoca clásica, 1500-170014aNovela españolaySiglo XVII14aDon Quijote (Personaje ficticio)eNovela1 aShelton, Thomasd?-1626eTraductor1 aBrangwyn, Frank Williamd1867-1956eIlustrador0 aEl Ingenioso Hidalgo Don Quijote de la Mancha